Normal view
MARC view
- Islam
Entry Topical Term
001 - CONTROL NUMBER
- control field: 10221
003 - CONTROL NUMBER IDENTIFIER
- control field: NUST
005 - DATE AND TIME OF LATEST TRANSACTION
- control field: 20180416045558.0
008 - FIXED-LENGTH DATA ELEMENTS
- fixed length control field: 180416|| aca||aabn | a|a d
040 ## - CATALOGING SOURCE
- Original cataloging agency: NUST
- Transcribing agency: NUST
150 ## - HEADING--TOPICAL TERM
- Topical term or geographic name entry element: Islam
- General subdivision: Theology
- Form subdivision: Miscellanea.
670 ## - SOURCE DATA FOUND
- Source citation: Work cat.: (NUST)329340: Gülen, Fethullah. 6529, Questions & answers about Islam, 2005
